<?xml version="1.0" encoding="UTF-8"?><?xml-stylesheet type="text/xsl" href="static/style.xsl"?><OAI-PMH xmlns="http://www.openarchives.org/OAI/2.0/" xmlns:xsi="http://www.w3.org/2001/XMLSchema-instance" xsi:schemaLocation="http://www.openarchives.org/OAI/2.0/ http://www.openarchives.org/OAI/2.0/OAI-PMH.xsd"><responseDate>2026-04-17T08:01:30Z</responseDate><request verb="GetRecord" identifier="oai:www.recercat.cat:2072/487893" metadataPrefix="marc">https://recercat.cat/oai/request</request><GetRecord><record><header><identifier>oai:recercat.cat:2072/487893</identifier><datestamp>2025-10-23T19:06:06Z</datestamp><setSpec>com_2072_98</setSpec><setSpec>col_2072_378193</setSpec></header><metadata><record xmlns="http://www.loc.gov/MARC21/slim" xmlns:dcterms="http://purl.org/dc/terms/" xmlns:xsi="http://www.w3.org/2001/XMLSchema-instance" xmlns:doc="http://www.lyncode.com/xoai" xsi:schemaLocation="http://www.loc.gov/MARC21/slim http://www.loc.gov/standards/marcxml/schema/MARC21slim.xsd">
   <leader>00925njm 22002777a 4500</leader>
   <datafield ind2=" " ind1=" " tag="042">
      <subfield code="a">dc</subfield>
   </datafield>
   <datafield ind2=" " ind1=" " tag="720">
      <subfield code="a">Barbeito Thonon, Cecile</subfield>
      <subfield code="e">author</subfield>
   </datafield>
   <datafield ind2=" " ind1=" " tag="720">
      <subfield code="a">Carrió, Victòria</subfield>
      <subfield code="e">author</subfield>
   </datafield>
   <datafield ind2=" " ind1=" " tag="260">
      <subfield code="c">2025</subfield>
   </datafield>
   <datafield ind2=" " ind1=" " tag="520">
      <subfield code="a">Publicación dirigida a profesorado de ciencias sociales con el objetivo de facilitar la programación de actividades a partir de situaciones de aprendizaje que promuevan algunos principios de la Justicia Global, como la humanización, la interseccionalidad, la complejidad y la agencia. Publicación elaborada conjuntamente con el CESIRE, con el apoyo de la Agencia Catalana de Cooperación al Desarrollo.</subfield>
   </datafield>
   <datafield ind2=" " ind1=" " tag="520">
      <subfield code="a">Aquesta guia es basa en quatre enfocaments que determinen un posicionament crític a l'hora de dissenyar i implementar situacions d'aprenentatge realment problematitzadores que permeten aprofundir en la complexitat del fet social per promoure accions innovadores. Aquest document està estructurat perquè pugui servir com a bastida per a l'anàlisi i la millora de la pràctica docent des d'un posicionament a favor de l'educació crítica. S'estructura a partir de 6 grans preguntes que ens connecten amb el sentit de les ciències socials escolars, els eixos/mirades que ajuden a programar críticament i amb algunes de les metodologies i recursos que faciliten el pensament i acció crítica de l'alumnat: 1. Per a què ensenyem ciències socials? 2. De qui és el futur? 3. Com facilitem la construcció de memòries no excloents? 4. Com vivim (en) un món complex? 5. Com dialogar amb el món per a crear noves realitats? 6. Com aprenem ciències socials per pensar i actuar críticament?</subfield>
   </datafield>
   <datafield tag="653" ind2=" " ind1=" ">
      <subfield code="a">Pensamiento crítico</subfield>
   </datafield>
   <datafield tag="653" ind2=" " ind1=" ">
      <subfield code="a">Ciencias sociales</subfield>
   </datafield>
   <datafield tag="653" ind2=" " ind1=" ">
      <subfield code="a">Programación didáctica</subfield>
   </datafield>
   <datafield tag="653" ind2=" " ind1=" ">
      <subfield code="a">Ciencies socials</subfield>
   </datafield>
   <datafield tag="653" ind2=" " ind1=" ">
      <subfield code="a">Programació didactica</subfield>
   </datafield>
   <datafield tag="653" ind2=" " ind1=" ">
      <subfield code="a">Pensament crític</subfield>
   </datafield>
   <datafield tag="653" ind2=" " ind1=" ">
      <subfield code="a">Social sciences</subfield>
   </datafield>
   <datafield tag="653" ind2=" " ind1=" ">
      <subfield code="a">Teaching plan</subfield>
   </datafield>
   <datafield tag="653" ind2=" " ind1=" ">
      <subfield code="a">Critical thinking</subfield>
   </datafield>
   <datafield tag="653" ind2=" " ind1=" ">
      <subfield code="a">ODG 4 - Educació de qualitat</subfield>
   </datafield>
   <datafield ind2="0" ind1="0" tag="245">
      <subfield code="a">Programem amb sentit (crític) les ciències socials</subfield>
   </datafield>
</record></metadata></record></GetRecord></OAI-PMH>